000
00253nam a2200109Ia 4500
008
220204s9999 xx 000 0 und d
082
_a
82-3
_b
BHA
100
_a
Bhaskar Rao, A
245
4
_a
The Secret
260
_a
New Delhi
_b
Sterling
_c
1978
942
_c
BK
999
_c
29105
_d
29105